Yoga pilates : (Record no. 7223)
[ view plain ]
| 000 -LEADER | |
|---|---|
| fixed length control field | 01160nac a22002651u 4500 |
| 010 ## - LIBRARY OF CONGRESS CONTROL NUMBER | |
| LC control number | 2005297327 |
| 020 ## - INTERNATIONAL STANDARD BOOK NUMBER | |
| International Standard Book Number | 0517224429 |
| 035 ## - SYSTEM CONTROL NUMBER | |
| System control number | (OCoLC)ocm58471303 |
| 082 00 - DEWEY DECIMAL CLASSIFICATION NUMBER | |
| Classification number | 613.7046 |
| Item number | LYS |
| 090 ## - LOCALLY ASSIGNED LC-TYPE CALL NUMBER (OCLC); LOCAL CALL NUMBER (OCLC) | |
| -- | 7223 |
| -- | 7223 |
| 100 ## - MAIN ENTRY--PERSONAL NAME | |
| Personal name | Lysycia, Jacqueline Ma |
| 245 10 - TITLE STATEMENT | |
| Title | Yoga pilates : |
| Remainder of title | a balanced workout for healthy living / |
| Statement of responsibility, etc | Jacqueline May Lysycia. |
| 246 1# - VARYING FORM OF TITLE | |
| Title proper/short title | Yogapilates |
| 260 ## - PUBLICATION, DISTRIBUTION, ETC. (IMPRINT) | |
| Place of publication, distribution, etc | New York : |
| Name of publisher, distributor, etc | Gramercy Books,2005 |
| Date of publication, distribution, etc | 2005. |
| 300 ## - PHYSICAL DESCRIPTION | |
| Extent | 96 p. : |
| Other physical details | col. ill. ; |
| Dimensions | 26 cm. |
| 500 ## - GENERAL NOTE | |
| General note | On T.p. verso: "This 2005 edition is published by Gramercy Books, an imprint of Random House Value Publishing, a division of Random House Inc., New York, by arrangement with Mitchell Beazley, Octopus Publishing Group, London". |
| 500 ## - GENERAL NOTE | |
| General note | Includes index. |
| 500 ## - GENERAL NOTE | |
| General note | distributer: Al-Ahram |
| 511 ## - PARTICIPANT OR PERFORMER NOTE | |
| Participant or performer note | catalogued by: wessam |
| 650 #0 - SUBJECT ADDED ENTRY--TOPICAL TERM | |
| Topical term or geographic name as entry element | Pilates method. |
| 650 #0 - SUBJECT ADDED ENTRY--TOPICAL TERM | |
| Topical term or geographic name as entry element | Hatha yoga. |
| 856 42 - ELECTRONIC LOCATION AND ACCESS | |
| Materials specified | Publisher description |
| Uniform Resource Identifier | <a href="http://www.loc.gov/catdir/enhancements/fy0627/2005297327-d.html">http://www.loc.gov/catdir/enhancements/fy0627/2005297327-d.html</a> |
| 942 ## - ADDED ENTRY ELEMENTS (KOHA) | |
| Item type | Book - Borrowing |
| Call number prefix | 613.7046LYS |
| Withdrawn status | Item status | Damaged status | Not for loan | Home library | Current library | Shelving location | Date acquired | Source of acquisition | Total Checkouts | Total Renewals | Full call number | Barcode | Checked out | Date last seen | Date last borrowed | Koha item type |
|---|---|---|---|---|---|---|---|---|---|---|---|---|---|---|---|---|
| Central Library | Central Library | First floor | 08/01/2016 | Purchase | 8 | 19 | 613.7046LYS | 000008768 | 18/09/2022 | 19/07/2022 | 19/07/2022 | Book - Borrowing |